L'art de se défendre en images -> 16 /17e siècle - Statistiques

Statistiques générales
  • Ce quiz a été pris 7 fois
  • Le résultat moyen est 10 sur 39
Statistiques - réponses
Par images Hint Réponse % Correct
P / Entrée Porte
100%
D / Tour principale Donjon
83%
H / Grille Herse
83%
PL / Passage mobile Pont-levis
83%
R / Mur de défense Rempart
83%
CDR / Passage sur courtine Chemin de ronde
67%
D / Ceinture d'eau Douves
67%
M / Encorbellement ajouré Mâchicoulis
67%
M / Passage d'armes Meurtrière
67%
BC / Partie comprise entre la 1ère et la 2de enceinte Basse-cour
50%
B / Fortification avancée Barbacane
33%
C / Au sommet des tours Créneau
33%
M / Tour de défense Mirador
33%
MC / Butte d'un château Motte castrale
33%
B / Forteresse protégeant l'entrée d'une ville Bastille
17%
B / Monticule de terre Bastillon
17%
CT / Piège pointu Chausse-trappe
17%
E / Abri du guetteur Echauguette
17%
G / Terrain découvert Glacis
17%
G / Tourelle de guet Guette
17%
H / Echaffaudage Hourd
17%
A / Pour laisser tomber des objets Assomoir
0%
B / Avant-corps en encorbellement Bretèche
0%
C / Mur de protection Chemise
0%
CDF / Barrière défensive Cheval de frise
0%
C / Déviation des eaux sur un mur Cordon
0%
C / Mur entre deux tours Courtine
0%
E / Ouverture dans un mur Embrasure
0%
H / Volet de meurtrière Huchette
0%
L / Espace entre deux enceintes Lice
0%
L / Parties pleines d'un parapet Merlons
0%
M / Défense du pied des remparts Moineau
0%
P / Mur à hauteur d'appui Parapet
0%
PDS / Escalier démontable Pas de souris
0%
P / Guérite à toit conique Poivrière
0%
PDE / Passage de cours d'eau Porte d'eau
0%
P / Petite porte de rempart Poterne
0%
PDS / Accès à l'eau Puits de siège
0%
TDL / Piège à pieu Trou de loup
0%
Aucun quiz correspondant
Distribution des résultats
% des personnes avec chaque résultat
Percentile par nombre de réponses
Votre historique - résultats
Vous n’avez pas pris ce quiz